000 00666nam a2200193 4500
999 _c170482
_d170482
005 20191216163434.0
010 _aENG-127156
020 _a9789352876792
_c455.00
035 _aEN-110688
037 _bDBAD/PUB
082 _aS
245 _aGlass walls :
_ced.by Meenakshi Bharat [and] Sharon Rundle
_bstories of tolerance and intolerance from the Indian subcontinent and Australia /
260 _aHyderabad
_bOrient Blankswan Private
_c2019
270 _a3-6-752 Himayatnagar, Hyderabad
_bTelangana
_e500029
_mindo@orientblackswan.com
300 _axvi;200p .
_c21cm(pbk)
700 _aBharat, Meenakshi
700 _aRundle, Sharon
942 _2ddc
_cEN
_hS
_mGLA